000 00573nam a2200193Ia 4500
005 20250326142905.0
008 250326s9999 xx 000 0 und d
020 _a0-333-96506-X
037 _aTextbook
040 _aFMSL
_beng
_cFMSL
041 _aeng
_2eng
084 _aX:9 P1
_qFMSL
100 _aKeeley T D
_9746821
245 0 _aInternational human resource management in Japanese firms : Their greatest challenges
_cKeeley T D
260 _aNew York
_bNew York, Palgrave
_c2001
300 _a252p
942 _cTB
_hX:9 P1
999 _c1297127
_d1297127